000
00204nam a22000857a 4500
008
170302b xxu||||| |||| 00| 0 eng d
100
_9
3010
_a
Bharat
245
_a
Sinhasan Batisi
260
_a
New Delhi
_b
RPB
_c
2006
999
_c
6253
_d
6253